Paises de Sudamérica - Estadísticas

Estadísticas generales
  • Esta prueba ha sido intentada 902 veces
  • La puntuación promedio es 10 de 13
Estadísticas de respuestas
Hint Respuesta % Correcto
Argentina
96%
Chile
93%
Brasil
90%
Colombia
90%
Uruguay
90%
Paraguay
88%
Venezuela
87%
Bolivia
86%
Peru
84%
Ecuador
81%
Guyana
66%
Surinam
60%
Trinidad y Tobago
7%
No se encontraron pruebas coincidentes
Distribución de puntuación
Porcentaje de gente con cada puntuación
Porcentaje por número respondido
Historial de tus puntuaciones
No has intentado esta prueba.